No easy answers : Science and the pursuit of knowledge
محفوظ في:
| المؤلف الرئيسي: | |
|---|---|
| التنسيق: | Sách |
| اللغة: | Undetermined |
| منشور في: |
University of Pittsburgh Press
2005
|
| الموضوعات: | |
| الوسوم: |
إضافة وسم
لا توجد وسوم, كن أول من يضع وسما على هذه التسجيلة!
|
| Thư viện lưu trữ: | Trung tâm Thư viện - Trường Đại học Công nghiệp TP. Hồ Chí Minh |
|---|
| LEADER | 00504nam a2200157Ia 4500 | ||
|---|---|---|---|
| 001 | UIH_07006 | ||
| 008 | 231011s9999 xx 000 0 und d | ||
| 082 | |a 507.2 | ||
| 100 | |a Franklin, Allan | ||
| 245 | 0 | |a No easy answers : Science and the pursuit of knowledge | |
| 245 | 0 | |c Franklin, Allan | |
| 260 | |b University of Pittsburgh Press | ||
| 260 | |c 2005 | ||
| 650 | |a Khoa học; | ||
| 927 | |a Sách | ||
| 980 | |a Trung tâm Thư viện - Trường Đại học Công nghiệp TP. Hồ Chí Minh | ||